Faculty of Law Library — Cairo University

Official Online Catalog

Violence : (Record no. 59605)

MARC details
000 -LEADER
fixed length control field 01089nam a22003257a 4500
003 - CONTROL NUMBER IDENTIFIER
control field OSt
005 - DATE AND TIME OF LATEST TRANSACTION
control field 20260127145612.0
008 - FIXED-LENGTH DATA ELEMENTS--GENERAL INFORMATION
fixed length control field 260127t1999 ua ||||fr|||| 000 0 eng d
020 ## - INTERNATIONAL STANDARD BOOK NUMBER
International Standard Book Number 9775813557
040 ## - CATALOGING SOURCE
Original cataloging agency DLC
Transcribing agency DLC
Modifying agency DLC
Language of cataloging eng
Description conventions rda
041 0# - LANGUAGE CODE
Language code of text/sound track or separate title eng
050 ## - LIBRARY OF CONGRESS CALL NUMBER
Classification number
082 ## - DEWEY DECIMAL CLASSIFICATION NUMBER
Classification number 255.9
Edition number 21
Item number A B . V
092 04 - LOCALLY ASSIGNED DEWEY CALL NUMBER (OCLC)
Edition number 21
099 ## - LOCAL FREE-TEXT CALL NUMBER (OCLC)
Classification number Law1 01 255.9 A B . V 1999
100 1# - MAIN ENTRY--PERSONAL NAME
Personal name `Abd Al-`Aziz, Jum`ah Amin
Relator term Author.
245 10 - TITLE STATEMENT
Title Violence :
Remainder of title Opinion & Remède
Statement of responsibility, etc. Jum`ah Amin `Abd Al-`Aziz.
246 23 - VARYING FORM OF TITLE
Title proper/short title ظاهرة العنف
Remainder of title : الرؤية والعلاج باللغة الإنجليزية
264 #1 - PRODUCTION, PUBLICATION, DISTRIBUTION, MANUFACTURE, AND COPYRIGHT NOTICE
Place of production, publication, distribution, manufacture cairo :
Name of producer, publisher, distributor, manufacturer Al-falah foundation,
Date of production, publication, distribution, manufacture, or copyright notice 1999.
300 ## - PHYSICAL DESCRIPTION
Extent 163pages,unnumbered pages, various pagings ;
Dimensions 22 cm.
336 ## - CONTENT TYPE
Source rda content
Content type term text
337 ## - MEDIA TYPE
Source rda media
Media type term Computer
338 ## - CARRIER TYPE
Source rda carrier
Carrier type term Online Resource
504 ## - BIBLIOGRAPHY, ETC. NOTE
Bibliography, etc. note Includes bibliographical references
546 ## - LANGUAGE NOTE
Language note Text in English
650 #7 - SUBJECT ADDED ENTRY--TOPICAL TERM
Source of heading or term shariaa
856 40 - ELECTRONIC LOCATION AND ACCESS
Uniform Resource Identifier <a href="https://docs.google.com/viewer?url=https://www.muslim-library.com/dl/B01-00022.fr5133.pdf">https://docs.google.com/viewer?url=https://www.muslim-library.com/dl/B01-00022.fr5133.pdf</a>
905 ## - Cataloger and Reviser Names
Cataloger Name: Omar
942 ## - ADDED ENTRY ELEMENTS (KOHA)
Source of classification or shelving scheme Dewey Decimal Classification
Koha item type Books
Suppress in OPAC No
Edition 21
Holdings
Withdrawn status Lost status Source of classification or shelving scheme Damaged status Not for loan Collection Home library Current library Date acquired Total checkouts Full call number Barcode Date last seen Copy number Price effective from Koha item type
    Dewey Decimal Classification   Not for loan الشريعة الإسلامية جــــامعة القــاهرة مكتبة كلية الحقوق - المبنى الرئيسي 27.01.2026   Law1 01 255.9 A B . V 1999 0100022 C1 B01-00022 27.01.2026 1 27.01.2026 Books

© All rights reserved — Faculty of Law, Cairo University